Portuguese School Vocabulary - Statistics

General Stats
  • This quiz has been taken 103 times
    102 since last reset
  • The average score is 23 of 47
Answer Stats
Hint Answer % Correct
school escola
97%
book livro
87%
paper papel
87%
teacher professor (a)
87%
computer computador
84%
to write escrever
84%
project projeto
79%
to learn aprender
76%
to cut cortar
76%
to teach ensinar
76%
student estudante
76%
period período
76%
pen caneta
74%
pencil lápis
71%
presentation apresentação
68%
to present apresentar
66%
backpack mochila
66%
class classe
63%
sheet (of paper) folha
63%
scissors tesoura
61%
glue cola
55%
classroom sala de aula
50%
eraser borracha
47%
folder pasta
47%
ruler régua
47%
test exame
45%
quiz exame
45%
chalk giz
45%
desk carteira
42%
hallway corredor
42%
tape fita adesiva
42%
pencil sharpener apontador de lápis
37%
principal diretor(a)
34%
recess recreio
32%
assignment tarefa
29%
homework dever de casa
26%
stapler grampeador
26%
to staple grampear
24%
staple grampo
24%
grade (level) série
16%
chalkboard quadro-negro
11%
locker room vestiário
11%
protractor transferidor
8%
playground pátio de recreio
5%
grade (A, B, C, etc.) classificação
3%
thumbtack percevejo
3%
locker compartimento com chave
0%
No matching quizzes found
Score Distribution
Percent of People with Each Score
Percentile by Number Answered
Your Score History
You have not taken this quiz since the last reset